000 00593nam a22002057a 4500
942 _cBK
999 _c520
_d520
005 20250420134814.0
008 200729b ||||| |||| 00| 0 eng d
020 _a9780199219865
040 _cKCST
082 _a512.7
_bHa In
100 _aHardy, Godfrey Harold
_94794
245 _aAn introduction to the theory of numbers
_cGodfrey Harold Hardy; Edward Maitland Wright
250 _a6th edition.
260 _aOxford:
_bOxford University Press,
_c2008.
300 _a609 p.
650 _aNumber theory.
_94795
700 _aWright, Edward Maitland
_94796
942 _2ddc